000 00513nam a2200145 a 4500
001 000034295
005 20200930073626.0
008 110930s1982 dr 000 0 spa d
040 _aDO-SdBNP
_bspa
_cBNPHU
111 1 _aExposición colectiva en homenaje a la Cotal '82.
_n(1982 :
_d1-30 de junio
_cSanto Domingo )
_959728
245 1 0 _aPlastica dominicana contemporánea.
260 _aSanto Domingo :
_bVoluntariado de las Casas Reales,
_c1982.
_fAmigo del Hogar
300 _a88 p. :
_bil. ;
_c28 cm.
049 _aBNPD
999 _c33786
_d33786